[Event "Novi Sad TS GM/IM Mix 189th"]
[Site "Novi Sad"]
[Date "2024.03.05"]
[Round "9"]
[White "Sri, Sai Baswanth P"]
[Black "Schekachikhin, Maksim"]
[Result "1/2-1/2"]
[WhiteElo "2064"]
[BlackElo "2353"]
[PlyCount "43"]
[EventDate "2024.02.29"]
[EventType "swiss"]
[EventRounds "9"]
[EventCountry "SRB"]
[SourceTitle "CB12_2024"]
[SourceDate "2023.10.01"]
[SourceVersion "1"]
[SourceVersionDate "2023.10.01"]
[SourceQuality "1"]

1. c4 b6 2. Nc3 Bb7 3. d4 Nf6 4. d5 e6 5. a3 exd5 6. cxd5 Bc5 7. g3 0-0 8. Bg2 Re8 9. Nh3 Bf8 10. 0-0 c5 11. dxc6 dxc6 12. Qa4 Nbd7 13. Rd1 b5 14. Qc2 Qb6 15. Ng5 Rad8 16. Nce4 c5 17. a4 Nxe4 18. Nxe4 Qg6 19. f3 b4 20. Be3 Re6 21. Bf2 Bxe4 22. fxe4 1/2-1/2

[Event "Novi Sad TS GM/IM Mix 189th"]
[Site "Novi Sad"]
[Date "2024.03.03"]
[Round "6"]
[White "Schekachikhin, Maksim"]
[Black "Levitan, Caleb Levi"]
[Result "1/2-1/2"]
[WhiteElo "2353"]
[BlackElo "2265"]
[PlyCount "56"]
[EventDate "2024.02.29"]
[EventType "swiss"]
[EventRounds "9"]
[EventCountry "SRB"]
[SourceTitle "CB12_2024"]
[SourceDate "2023.10.01"]
[SourceVersion "1"]
[SourceVersionDate "2023.10.01"]
[SourceQuality "1"]

1. d4 d5 2. c4 e6 3. Nc3 Bb4 4. a3 Bxc3+ 5. bxc3 Nf6 6. e3 0-0 7. cxd5 exd5 8. f3 c5 9. Bd3 b6 10. Ne2 Re8 11. 0-0 Ba6 12. Ng3 Bxd3 13. Qxd3 Nc6 14. Bb2 c4 15. Qd2 h5 16. Rae1 g6 17. Qc2 h4 18. Nh1 b5 19. e4 a5 20. Nf2 b4 21. e5 Nh5 22. Ng4 Qd7 23. Qd2 bxc3 24. Bxc3 a4 25. Qh6 Qe6 26. Qg5 Qe7 27. Qh6 Qe6 28. Qg5 Qe7 1/2-1/2

[Event "Novi Sad TS GM/IM Mix 189th"]
[Site "Novi Sad"]
[Date "2024.03.03"]
[Round "5"]
[White "Zherebtsova, Alexandra"]
[Black "Schekachikhin, Maksim"]
[Result "0-1"]
[WhiteElo "2270"]
[BlackElo "2353"]
[PlyCount "54"]
[EventDate "2024.02.29"]
[EventType "swiss"]
[EventRounds "9"]
[EventCountry "SRB"]
[SourceTitle "CB12_2024"]
[SourceDate "2023.10.01"]
[SourceVersion "1"]
[SourceVersionDate "2023.10.01"]
[SourceQuality "1"]

1. d4 Nf6 2. c4 e6 3. Nc3 Bb4 4. e3 0-0 5. Bd2 c5 6. a3 Bxc3 7. Bxc3 Ne4 8. Rc1 d6 9. Nf3 b6 10. Bd3 Nxc3 11. Rxc3 Bb7 12. b4 Qf6 13. Be2 Rd8 14. Qb3 Nd7 15. 0-0 Rac8 16. Rd1 h6 17. Rcd3 Be4 18. R3d2 d5 19. dxc5 bxc5 20. Ne1 cxb4 21. axb4 dxc4 22. Bxc4 Ne5 23. Rxd8+ Rxd8 24. Rxd8+ Qxd8 25. Be2 Qd2 26. Kf1 Bd5 27. Qb1 Nc4 0-1

[Event "Novi Sad TS GM/IM Mix 189th"]
[Site "Novi Sad"]
[Date "2024.03.02"]
[Round "4"]
[White "Schekachikhin, Maksim"]
[Black "Ljepic, Andrej"]
[Result "1/2-1/2"]
[WhiteElo "2353"]
[BlackElo "2276"]
[PlyCount "45"]
[EventDate "2024.02.29"]
[EventType "swiss"]
[EventRounds "9"]
[EventCountry "SRB"]
[SourceTitle "CB12_2024"]
[SourceDate "2023.10.01"]
[SourceVersion "1"]
[SourceVersionDate "2023.10.01"]
[SourceQuality "1"]

1. Nf3 Nf6 2. c4 c5 3. Nc3 g6 4. d4 Bg7 5. e4 cxd4 6. Nxd4 Nc6 7. Be3 Ng4 8. Qxg4 Nxd4 9. Qd1 Ne6 10. Rc1 Qa5 11. Qd2 b6 12. Be2 Bb7 13. f3 d6 14. 0-0 g5 15. Rfd1 Be5 16. a3 Bf4 17. Nb5 Qxd2 18. Bxd2 h5 19. Bxf4 Nxf4 20. Kf2 Ne6 21. Ke3 h4 22. Bf1 0-0 23. Nc3 1/2-1/2

[Event "Novi Sad TS GM/IM Mix 189th"]
[Site "Novi Sad"]
[Date "2024.03.01"]
[Round "3"]
[White "Kovalev, Vladislav"]
[Black "Schekachikhin, Maksim"]
[Result "1-0"]
[WhiteElo "2579"]
[BlackElo "2353"]
[PlyCount "49"]
[EventDate "2024.02.29"]
[EventType "swiss"]
[EventRounds "9"]
[EventCountry "SRB"]
[SourceTitle "CB12_2024"]
[SourceDate "2023.10.01"]
[SourceVersion "1"]
[SourceVersionDate "2023.10.01"]
[SourceQuality "1"]

1. e4 e6 2. d4 d5 3. exd5 exd5 4. Nf3 Bf5 5. Bd3 Bxd3 6. Qxd3 c6 7. Qb3 Qb6 8. Qe3+ Be7 9. 0-0 Nd7 10. b3 Kf8 11. c4 Ngf6 12. Nc3 Re8 13. Qd3 Bb4 14. Bd2 Bxc3 15. Bxc3 g6 16. Ne5 Kg7 17. Rae1 Qd8 18. Qh3 Qc8 19. f4 Nxe5 20. dxe5 Ne4 21. f5 h6 22. Rxe4 dxe4 23. e6+ f6 24. Qg4 g5 25. Qh5 1-0

[Event "Senta Fantastico op 02"]
[Site "Senta"]
[Date "2024.02.22"]
[Round "1"]
[White "Schekachikhin, Maksim"]
[Black "Gusev, Mikhail"]
[Result "1-0"]
[WhiteElo "2353"]
[BlackElo "2157"]
[PlyCount "61"]
[EventDate "2024.02.22"]
[EventType "swiss"]
[EventRounds "9"]
[EventCountry "SRB"]
[SourceTitle "CB10_2024"]
[SourceDate "2024.03.06"]
[SourceVersion "1"]
[SourceVersionDate "2024.03.06"]
[SourceQuality "1"]

1. c4 Nf6 2. Nc3 e6 3. e4 d6 4. d4 Nbd7 5. Nf3 c5 6. d5 exd5 7. exd5 g6 8. Bd3 Bg7 9. Qe2+ Qe7 10. Bf4 Qxe2+ 11. Kxe2 Ke7 12. Rhe1 Ng4 13. Kd2+ Nge5 14. Re2 a6 15. Kc2 Kd8 16. Nxe5 Nxe5 17. Ne4 Bf5 18. Bxe5 Bxe5 19. Ng5 Bxd3+ 20. Kxd3 Kd7 21. Nxf7 Rhf8 22. Nxe5+ dxe5 23. Rae1 Rae8 24. f3 Kd6 25. Re4 Re7 26. f4 Rxf4 27. Rxf4 exf4 28. Rxe7 Kxe7 29. Ke4 g5 30. Kf5 h6 31. h4 1-0

[Event "Ayvalik Ananas"]
[Site "Ayvalik"]
[Date "2024.01.29"]
[Round "9.1"]
[White "Schekachikhin, Maksim"]
[Black "Kurtyilmaz, Kuzey"]
[Result "1-0"]
[WhiteElo "2354"]
[BlackElo "1939"]
[PlyCount "88"]
[EventDate "2024.01.25"]
[EventType "schev"]
[EventRounds "10"]
[EventCountry "TUR"]
[SourceTitle "CB05_2024"]
[SourceDate "2024.01.31"]
[SourceVersion "1"]
[SourceVersionDate "2024.01.31"]
[SourceQuality "1"]
[WhiteTeam "Masters"]
[BlackTeam "Stars"]
[WhiteTeamCountry "TUR"]
[BlackTeamCountry "TUR"]

1. c4 e5 2. Nc3 Bb4 3. Nd5 Be7 4. d4 e4 5. Bf4 d6 6. Qc2 c6 7. Nc3 f5 8. f3 exf3 9. exf3 Nf6 10. Bd3 Nh5 11. Bd2 0-0 12. Nge2 a5 13. a3 Na6 14. Ng3 Nxg3 15. hxg3 Nc7 16. Ne2 g6 17. g4 Bg5 18. f4 Be7 19. 0-0-0 b5 20. Rh6 bxc4 21. Bxc4+ d5 22. Bd3 Nb5 23. Rdh1 Rf7 24. gxf5 Bxf5 25. Bxf5 gxf5 26. g4 Nd6 27. Ng3 Qd7 28. Nxf5 Nxf5 29. gxf5 Qxf5 30. Qxf5 Rxf5 31. Rxh7 Bf6 32. Rc7 Bxd4 33. Rxc6 Rb8 34. b4 axb4 35. axb4 Bf6 36. Rh6 Bg7 37. Rhg6 Kh7 38. Rgd6 d4 39. Kc2 Rbb5 40. Rc7 Rb8 41. Rxd4 Kh6 42. Rd6+ Bf6 43. Rcc6 Kg7 44. Rxf6 Rd8 1-0

[Event "Ayvalik Ananas"]
[Site "Ayvalik"]
[Date "2024.01.28"]
[Round "7.1"]
[White "Schekachikhin, Maksim"]
[Black "Karaoglan, Doruk"]
[Result "1/2-1/2"]
[WhiteElo "2354"]
[BlackElo "2233"]
[PlyCount "68"]
[EventDate "2024.01.25"]
[EventType "schev"]
[EventRounds "10"]
[EventCountry "TUR"]
[SourceTitle "CB05_2024"]
[SourceDate "2024.01.31"]
[SourceVersion "1"]
[SourceVersionDate "2024.01.31"]
[SourceQuality "1"]
[WhiteTeam "Masters"]
[BlackTeam "Stars"]
[WhiteTeamCountry "TUR"]
[BlackTeamCountry "TUR"]

1. d4 Nf6 2. c4 g6 3. Nc3 Bg7 4. e4 d6 5. Be2 0-0 6. Nf3 e5 7. Be3 Nbd7 8. 0-0 h6 9. dxe5 dxe5 10. Nd2 c6 11. c5 Qe7 12. b4 Rd8 13. Nc4 Nf8 14. Qc1 Kh7 15. Rb1 Ne6 16. Re1 Nd4 17. f3 Ne8 18. Bf1 Be6 19. a3 Rac8 20. Rd1 Rc7 21. Qb2 Rcd7 22. Qf2 Nc7 23. Re1 Bxc4 24. Bxc4 Nce6 25. Bf1 Bf6 26. Na4 Bg5 27. Nb2 Nb3 28. Nc4 Bxe3 29. Qxe3 Nd2 30. Nxe5 Nxb1 31. Nxd7 Nxa3 32. Nf8+ Nxf8 33. Qxa3 Qd7 34. Qc3 a6 1/2-1/2

[Event "Ayvalik Ananas"]
[Site "Ayvalik"]
[Date "2024.01.26"]
[Round "4.1"]
[White "Kurtyilmaz, Kuzey"]
[Black "Schekachikhin, Maksim"]
[Result "1/2-1/2"]
[WhiteElo "1939"]
[BlackElo "2354"]
[PlyCount "62"]
[EventDate "2024.01.25"]
[EventType "schev"]
[EventRounds "10"]
[EventCountry "TUR"]
[SourceTitle "CB05_2024"]
[SourceDate "2024.01.31"]
[SourceVersion "1"]
[SourceVersionDate "2024.01.31"]
[SourceQuality "1"]
[WhiteTeam "Stars"]
[BlackTeam "Masters"]
[WhiteTeamCountry "TUR"]
[BlackTeamCountry "TUR"]

1. e4 Nc6 2. Nc3 e6 3. d4 Bb4 4. a3 Bxc3+ 5. bxc3 d6 6. Nf3 Nf6 7. Bd3 e5 8. h3 h6 9. d5 Ne7 10. c4 b6 11. Be3 Bd7 12. Nh4 g5 13. Nf3 Ng6 14. g3 c5 15. Nd2 Qc8 16. Bf1 Rb8 17. a4 a5 18. Bg2 Ke7 19. Nb1 Ne8 20. Nc3 Nc7 21. Qe2 f6 22. Kd2 Qf8 23. h4 Qg7 24. h5 Nf8 25. g4 Bc8 26. Nb5 Nxb5 27. cxb5 Kd7 28. c4 Ke7 29. Rab1 Rb7 30. Rb2 Rh7 31. Rh2 Qh8 1/2-1/2

[Event "Ayvalik Ananas"]
[Site "Ayvalik"]
[Date "2024.01.26"]
[Round "3.1"]
[White "Schekachikhin, Maksim"]
[Black "Ersoz, Teoman Guney"]
[Result "1/2-1/2"]
[WhiteElo "2354"]
[BlackElo "2175"]
[PlyCount "94"]
[EventDate "2024.01.25"]
[EventType "schev"]
[EventRounds "10"]
[EventCountry "TUR"]
[SourceTitle "CB05_2024"]
[SourceDate "2024.01.31"]
[SourceVersion "1"]
[SourceVersionDate "2024.01.31"]
[SourceQuality "1"]
[WhiteTeam "Masters"]
[BlackTeam "Stars"]
[WhiteTeamCountry "TUR"]
[BlackTeamCountry "TUR"]

1. Nf3 Nf6 2. c4 g6 3. Nc3 d5 4. cxd5 Nxd5 5. e4 Nb6 6. d4 Bg7 7. h3 0-0 8. Be2 Re8 9. 0-0 Nc6 10. Be3 Na5 11. Qc2 Nac4 12. Bf4 c6 13. Rad1 Bd7 14. b3 Nd6 15. Be5 Rc8 16. Bxg7 Kxg7 17. Qb2 Kg8 18. Qd2 Kg7 19. Rfe1 Qc7 20. Rc1 Qd8 21. Bd3 c5 22. e5 c4 23. Bb1 Nf5 24. d5 cxb3 25. axb3 e6 26. Bxf5 gxf5 27. dxe6 fxe6 28. Ne2 Bc6 29. Nfd4 Kh8 30. Qh6 Qd7 31. Nf4 Qxd4 32. Qf6+ Kg8 33. Qg5+ Kh8 34. Qf6+ Kg8 35. Qg5+ Kh8 36. Nh5 Rc7 37. Qf6+ Kg8 38. Qg5+ Kh8 39. Qf6+ Kg8 40. Rcd1 Qb4 41. Qg5+ Kh8 42. Qf6+ Kg8 43. Re3 f4 44. Qg5+ Kh8 45. Qf6+ Kg8 46. Qg5+ Kh8 47. Qf6+ Kg8 1/2-1/2

[Event "Ayvalik Ananas"]
[Site "Ayvalik"]
[Date "2024.01.25"]
[Round "1.1"]
[White "Schekachikhin, Maksim"]
[Black "Ilinca Ilinca, Felix Antonio"]
[Result "1/2-1/2"]
[WhiteElo "2354"]
[BlackElo "2415"]
[PlyCount "66"]
[EventDate "2024.01.25"]
[EventType "schev"]
[EventRounds "10"]
[EventCountry "TUR"]
[SourceTitle "CB05_2024"]
[SourceDate "2024.01.31"]
[SourceVersion "1"]
[SourceVersionDate "2024.01.31"]
[SourceQuality "1"]
[WhiteTeam "Masters"]
[BlackTeam "Stars"]
[WhiteTeamCountry "TUR"]
[BlackTeamCountry "TUR"]

1. d4 a6 2. e4 e6 3. Nf3 d5 4. exd5 exd5 5. Bd3 Bd6 6. 0-0 Ne7 7. Re1 0-0 8. Nbd2 Bf5 9. Nf1 Nbc6 10. Bg5 f6 11. Bh4 Qd7 12. Bg3 Rfe8 13. Bxd6 Qxd6 14. c3 Bxd3 15. Qxd3 Ng6 16. g3 Qd7 17. Re3 Rxe3 18. Nxe3 Re8 19. Re1 Nce7 20. h4 c6 21. Kg2 Nc8 22. Nf5 Rxe1 23. Nxe1 Nge7 24. Nxe7+ Qxe7 25. Nc2 Nd6 26. Ne3 Qe6 27. a4 a5 28. Qd1 g6 29. Qb3 Qe4+ 30. Kg1 Qb1+ 31. Kg2 Qe4+ 32. Kg1 Qb1+ 33. Kg2 Qe4+ 1/2-1/2

[Event "Ayvalik Mango"]
[Site "Ayvalik"]
[Date "2024.01.23"]
[Round "9.3"]
[White "Kuru, Atilla"]
[Black "Schekachikhin, Maksim"]
[Result "1/2-1/2"]
[WhiteElo "2220"]
[BlackElo "2354"]
[PlyCount "72"]
[EventDate "2024.01.19"]
[EventType "schev"]
[EventRounds "10"]
[EventCountry "TUR"]
[SourceTitle "CB05_2024"]
[SourceDate "2024.01.31"]
[SourceVersion "1"]
[SourceVersionDate "2024.01.31"]
[SourceQuality "1"]
[WhiteTeam "Yildizlar"]
[BlackTeam "Ustalar"]
[WhiteTeamCountry "TUR"]
[BlackTeamCountry "TUR"]

1. c4 Nf6 2. Nf3 e6 3. Nc3 d5 4. e3 dxc4 5. Bxc4 a6 6. d4 b5 7. Bd3 Bb7 8. 0-0 c5 9. Qe2 Nbd7 10. Rd1 Qb8 11. b3 Bd6 12. h3 0-0 13. Bb2 Rd8 14. Rac1 h6 15. a4 Bxf3 16. Qxf3 c4 17. bxc4 bxc4 18. Be4 Nxe4 19. Nxe4 Bh2+ 20. Kh1 Qxb2 21. Kxh2 Qb4 22. Rb1 Qxa4 23. Nd6 Nf6 24. Rdc1 Qd7 25. Nxc4 a5 26. Rb7 Qd5 27. Qxd5 Nxd5 28. Ra1 a4 29. Nb6 Nxb6 30. Rxb6 Rd5 31. Ra3 e5 32. Rb4 exd4 33. exd4 Rda5 34. Kg3 Kf8 35. Kf4 R8a7 36. Ke4 Ke7 1/2-1/2

[Event "Ayvalik Mango"]
[Site "Ayvalik"]
[Date "2024.01.23"]
[Round "10.2"]
[White "Schekachikhin, Maksim"]
[Black "Dolgun, Can"]
[Result "1-0"]
[WhiteElo "2354"]
[BlackElo "2291"]
[PlyCount "81"]
[EventDate "2024.01.19"]
[EventType "schev"]
[EventRounds "10"]
[EventCountry "TUR"]
[SourceTitle "CB05_2024"]
[SourceDate "2024.01.31"]
[SourceVersion "1"]
[SourceVersionDate "2024.01.31"]
[SourceQuality "1"]
[WhiteTeam "Ustalar"]
[BlackTeam "Yildizlar"]
[WhiteTeamCountry "TUR"]
[BlackTeamCountry "TUR"]

1. e4 e5 2. Nf3 Nc6 3. d4 exd4 4. Nxd4 Qh4 5. Nc3 Bb4 6. Be2 Qxe4 7. Ndb5 Bxc3+ 8. bxc3 Kd8 9. 0-0 a6 10. Bf3 Qa4 11. Nd4 Nxd4 12. cxd4 Ne7 13. Re1 d5 14. Rb1 Qc6 15. Ba3 Re8 16. Qd2 Be6 17. c4 h6 18. Rec1 Qa4 19. Bxe7+ Rxe7 20. Rb3 b5 21. Rxb5 c6 22. Rb4 Qa3 23. cxd5 cxd5 24. h3 Ke8 25. Rc5 Rd8 26. Bd1 Bf5 27. Rb3 Qa4 28. Rf3 Qd7 29. Qa5 Kf8 30. Rxf5 Qxf5 31. Qxd8+ Re8 32. Qd6+ Kg8 33. Bf3 Re1+ 34. Kh2 Qb1 35. Bxd5 Rh1+ 36. Kg3 Qd3+ 37. f3 Re1 38. Rc8+ Kh7 39. Bxf7 g5 40. Rh8+ Kg7 41. Qf8+ 1-0

[Event "Ayvalik Mango"]
[Site "Ayvalik"]
[Date "2024.01.19"]
[Round "1.1"]
[White "Ilinca Ilinca, Felix Antonio"]
[Black "Schekachikhin, Maksim"]
[Result "1/2-1/2"]
[WhiteElo "2415"]
[BlackElo "2354"]
[PlyCount "69"]
[EventDate "2024.01.19"]
[EventType "schev"]
[EventRounds "10"]
[EventCountry "TUR"]
[SourceTitle "CB05_2024"]
[SourceDate "2024.01.31"]
[SourceVersion "1"]
[SourceVersionDate "2024.01.31"]
[SourceQuality "1"]
[WhiteTeam "Yildizlar"]
[BlackTeam "Ustalar"]
[WhiteTeamCountry "TUR"]
[BlackTeamCountry "TUR"]

1. e4 e6 2. d4 d5 3. e5 c5 4. c3 Nc6 5. Nf3 Nge7 6. Na3 Bd7 7. Be2 cxd4 8. cxd4 Nf5 9. Nc2 Be7 10. 0-0 0-0 11. Bd3 Rc8 12. g4 Nh4 13. Nxh4 Bxh4 14. f4 f6 15. exf6 Bxf6 16. Be3 g6 17. Qd2 Bg7 18. Be2 Qb6 19. b3 Nd8 20. Ne1 Nf7 21. Nf3 Nd6 22. Bd3 Bb5 23. Rac1 Ne4 24. Qe2 Bxd3 25. Qxd3 a6 26. Nd2 Nxd2 27. Qxd2 Qd6 28. Rxc8 Rxc8 29. Rc1 Rc6 30. Kg2 Qc7 31. Rxc6 Qxc6 32. Qd3 Kf7 33. h4 Qc8 34. h5 Bf6 35. Kf3 1/2-1/2

[Event "Mersin op 7th"]
[Site "Mersin"]
[Date "2023.11.18"]
[Round "9"]
[White "Karthik, Venkataraman"]
[Black "Schekachikhin, Maksim"]
[Result "1-0"]
[WhiteElo "2565"]
[BlackElo "2340"]
[PlyCount "51"]
[EventDate "2023.11.12"]
[EventType "swiss"]
[EventRounds "9"]
[EventCountry "TUR"]
[SourceTitle "CB47_2023"]
[SourceDate "2023.11.22"]
[SourceVersion "1"]
[SourceVersionDate "2023.11.22"]
[SourceQuality "1"]

1. e4 c5 2. Nc3 Nc6 3. Nf3 e6 4. d4 cxd4 5. Nxd4 Nf6 6. a3 Be7 7. Nxc6 bxc6 8. e5 Nd5 9. Qg4 Kf8 10. Qg3 h5 11. h4 Qa5 12. Bd2 Rb8 13. Nd1 Qa4 14. Rc1 c5 15. c4 Nb6 16. Bd3 Bb7 17. Qf4 Ke8 18. Rh3 g6 19. Nc3 Qc6 20. Ne4 Nc8 21. Nf6+ Bxf6 22. Qxf6 Rf8 23. Bh6 Ne7 24. Bxf8 Kxf8 25. Rf3 Nf5 26. Qh8+ 1-0

[Event "Mersin op 7th"]
[Site "Mersin"]
[Date "2023.11.17"]
[Round "8"]
[White "Schekachikhin, Maksim"]
[Black "Romanov, Evgeny"]
[Result "1/2-1/2"]
[WhiteElo "2340"]
[BlackElo "2572"]
[PlyCount "63"]
[EventDate "2023.11.12"]
[EventType "swiss"]
[EventRounds "9"]
[EventCountry "TUR"]
[SourceTitle "CB47_2023"]
[SourceDate "2023.11.22"]
[SourceVersion "1"]
[SourceVersionDate "2023.11.22"]
[SourceQuality "1"]

1. e4 c5 2. Nf3 b6 3. d4 cxd4 4. Nxd4 Bb7 5. Nc3 Nf6 6. Bd3 d6 7. Be3 Nbd7 8. f3 g6 9. Qd2 Rc8 10. 0-0-0 a6 11. g4 Ne5 12. Kb1 b5 13. h4 h5 14. gxh5 Nxh5 15. Rhg1 Bg7 16. f4 Nxd3 17. Qxd3 b4 18. Nd5 e6 19. Nxe6 fxe6 20. Nb6 Nf6 21. Qb3 Rc7 22. e5 Nd5 23. Rxg6 Rh6 24. Qd3 Nxe3 25. Rxh6 Bxh6 26. Qg6+ Rf7 27. Rxd6 Qxh4 28. Rxe6+ Kd8 29. Rd6+ Ke8 30. Re6+ Kd8 31. Rd6+ Ke8 32. Re6+ 1/2-1/2

[Event "Mersin op 7th"]
[Site "Mersin"]
[Date "2023.11.15"]
[Round "6"]
[White "Rasulov, Vugar Ural Oglu"]
[Black "Schekachikhin, Maksim"]
[Result "1/2-1/2"]
[WhiteElo "2544"]
[BlackElo "2340"]
[PlyCount "87"]
[EventDate "2023.11.12"]
[EventType "swiss"]
[EventRounds "9"]
[EventCountry "TUR"]
[SourceTitle "CB47_2023"]
[SourceDate "2023.11.22"]
[SourceVersion "1"]
[SourceVersionDate "2023.11.22"]
[SourceQuality "1"]

1. Nf3 Nf6 2. g3 d5 3. Bg2 e6 4. 0-0 Be7 5. b3 0-0 6. Bb2 c5 7. c4 Nc6 8. cxd5 Nxd5 9. Nc3 Nxc3 10. Bxc3 Bd7 11. Qc2 Rc8 12. Rac1 b6 13. h4 h6 14. Qb2 Bf6 15. Rfd1 Qe7 16. Bxf6 Qxf6 17. Qxf6 gxf6 18. Kf1 Rfd8 19. Ke1 Kg7 20. d3 Ne5 21. Nd2 Bc6 22. Bh3 f5 23. Rc3 Kf6 24. f4 Nd7 25. Rdc1 Bb7 26. Kf2 Ke7 27. Nc4 Rg8 28. Ne3 Nf6 29. a3 Nh5 30. Rg1 Nf6 31. b4 cxb4 32. Rxc8 Rxc8 33. axb4 Nd5 34. Ra1 Ra8 35. Bg2 a5 36. Bxd5 Bxd5 37. bxa5 bxa5 38. g4 fxg4 39. Nxg4 f5 40. Ne3 a4 41. Nc2 Kd6 42. Ke3 Kc5 43. Kd2 Bb3 44. e3 1/2-1/2

[Event "Mersin op 7th"]
[Site "Mersin"]
[Date "2023.11.15"]
[Round "5"]
[White "Schekachikhin, Maksim"]
[Black "Eke, Salih"]
[Result "1-0"]
[WhiteElo "2340"]
[BlackElo "2180"]
[PlyCount "93"]
[EventDate "2023.11.12"]
[EventType "swiss"]
[EventRounds "9"]
[EventCountry "TUR"]
[SourceTitle "CB47_2023"]
[SourceDate "2023.11.22"]
[SourceVersion "1"]
[SourceVersionDate "2023.11.22"]
[SourceQuality "1"]

1. e4 c5 2. Nf3 Nc6 3. Bb5 e6 4. 0-0 Nge7 5. d4 cxd4 6. Nxd4 Ng6 7. Be3 Be7 8. c3 0-0 9. Nd2 a6 10. Bd3 d5 11. exd5 exd5 12. Re1 Nce5 13. N2f3 Nxd3 14. Qxd3 Bf6 15. Rad1 Re8 16. h3 Be6 17. Qd2 Ne5 18. Nxe5 Bxe5 19. Nxe6 fxe6 20. Bd4 Bf6 21. Be5 Rc8 22. Re2 Bxe5 23. Rxe5 Qf6 24. Qe3 Qf7 25. Re1 Rcd8 26. Qb6 Rf8 27. R1e2 Qf4 28. Qxe6+ Qf7 29. Qxf7+ Rxf7 30. Re8+ Rf8 31. R8e7 Rf7 32. Kf1 Rd7 33. R7e5 Rf6 34. Re7 Rf7 35. Re8+ Rf8 36. R2e7 Rxe7 37. Rxe7 b5 38. Rd7 Rf5 39. Rd6 a5 40. Rb6 d4 41. cxd4 Rd5 42. Ke2 Rxd4 43. Rxb5 Ra4 44. a3 h6 45. Kd3 Kf7 46. Rd5 Rf4 47. Ke3 1-0

[Event "Mersin op 7th"]
[Site "Mersin"]
[Date "2023.11.12"]
[Round "1"]
[White "Schekachikhin, Maksim"]
[Black "Hasanov, Rashad"]
[Result "1-0"]
[WhiteElo "2340"]
[BlackElo "2084"]
[PlyCount "79"]
[EventDate "2023.11.12"]
[EventType "swiss"]
[EventRounds "9"]
[EventCountry "TUR"]
[SourceTitle "CB47_2023"]
[SourceDate "2023.11.22"]
[SourceVersion "1"]
[SourceVersionDate "2023.11.22"]
[SourceQuality "1"]

1. d4 Nf6 2. c4 e6 3. Nf3 d5 4. Nc3 Bb4 5. Qa4+ Nc6 6. Bd2 Bd7 7. Qc2 Bxc3 8. Bxc3 dxc4 9. e4 b5 10. 0-0-0 Ne7 11. Be2 Qc8 12. Ne5 Qa6 13. Kb1 Qb7 14. Bf3 b4 15. Bd2 c3 16. Bg5 h6 17. Bh4 g5 18. Bg3 h5 19. h3 Rf8 20. Nd3 g4 21. hxg4 hxg4 22. Nc5 Qb6 23. Be2 Bb5 24. Bxc7 Qc6 25. Bxb5 Qxb5 26. bxc3 bxc3+ 27. Ka1 Rc8 28. Rb1 Qc6 29. Be5 Nd7 30. Nb7 f6 31. Nd6+ Kd8 32. Nxc8 Nxc8 33. d5 exd5 34. exd5 Qxd5 35. Bxc3 Ncb6 36. Rhd1 Qc6 37. Qd3 Qc4 38. Qxc4 Nxc4 39. Rb8+ Kc7 40. Rxf8 1-0

[Event "Umraniye White Elephant 32nd"]
[Site "Umraniye"]
[Date "2023.10.28"]
[Round "5"]
[White "Kuseyri, Mehmet Ali"]
[Black "Schekachikhin, Maksim"]
[Result "0-1"]
[WhiteElo "1850"]
[BlackElo "2338"]
[PlyCount "60"]
[EventDate "2023.10.25"]
[EventType "swiss"]
[EventRounds "7"]
[EventCountry "TUR"]
[SourceTitle "Mega2024 Update 01"]
[Source "Chessbase"]
[SourceDate "2023.11.12"]
[SourceVersion "1"]
[SourceVersionDate "2023.11.12"]
[SourceQuality "1"]

1. d4 Nf6 2. c4 e6 3. Nc3 Bb4 4. Qc2 d5 5. cxd5 exd5 6. Bg5 c5 7. e3 h6 8. Bh4 0-0 9. Bd3 cxd4 10. exd4 Bg4 11. f3 Re8+ 12. Nge2 Be6 13. 0-0-0 Nc6 14. g4 Rc8 15. Bf2 Bxc3 16. Nxc3 Nb4 17. Qb3 Nxd3+ 18. Rxd3 Nd7 19. Kb1 Nb6 20. Rg1 Nc4 21. f4 Qd6 22. f5 Qxh2 23. fxe6 Qxf2 24. exf7+ Qxf7 25. Qb5 Rcd8 26. Rdg3 Qf2 27. Nd1 Qxd4 28. g5 a6 29. Qxe8+ Rxe8 30. gxh6 Re7 0-1

[Event "Titled Tuesday intern op 19th Sep Late"]
[Site "Chess.com INT"]
[Date "2023.09.19"]
[Round "1"]
[White "Schekachikhin, Maksim"]
[Black "Harish, Neeraj"]
[Result "1-0"]
[WhiteElo "2366"]
[BlackElo "2042"]
[PlyCount "123"]
[EventDate "2023.09.19"]
[EventType "swiss (blitz)"]
[EventRounds "11"]
[EventCountry "USA"]
[SourceTitle "EXT 2024"]
[Source "ChessBase"]
[SourceDate "2023.10.10"]
[SourceVersion "1"]
[SourceVersionDate "2023.10.10"]
[SourceQuality "1"]

1. d4 Nf6 2. Nf3 d5 3. e3 Bf5 4. b3 e6 5. Bb2 Bd6 6. Be2 0-0 7. 0-0 c6 8. Nbd2 Nbd7 9. Nh4 Bg6 10. Nxg6 hxg6 11. c4 Qe7 12. a3 Rfe8 13. Nf3 Rad8 14. b4 dxc4 15. Bxc4 e5 16. h3 exd4 17. Bxd4 c5 18. bxc5 Bxc5 19. Qb1 Bxd4 20. Nxd4 Nb6 21. Bb3 Qe4 22. a4 Rc8 23. a5 Nc4 24. Bxc4 Rxc4 25. Nb5 Qxb1 26. Rfxb1 Rd8 27. Nxa7 Rd2 28. Nb5 Rcc2 29. Nd4 Rc7 30. Rf1 Ne4 31. Ra4 Nc3 32. Ra3 Ne2+ 33. Nxe2 Rxe2 34. Rb3 Ra2 35. Rb5 Rcc2 36. h4 Kf8 37. g3 Ke8 38. Kg2 Rd2 39. Rxb7 Rxa5 40. Rc1 Kd8 41. Rxf7 Raa2 42. Rc4 Ke8 43. Rff4 Ke7 44. Rce4+ Kd7 45. Rd4+ Ke7 46. Rxd2 Rxd2 47. Kf3 Rd7 48. Kg4 Rd5 49. Rd4 Ra5 50. e4 Ke6 51. f4 Kf6 52. e5+ Kf7 53. Rd7+ Kf8 54. Kg5 Ra3 55. g4 Rg3 56. Rd6 Kf7 57. Rxg6 Rg2 58. Ra6 Rg1 59. h5 Kf8 60. h6 gxh6+ 61. Rxh6 Kf7 62. e6+ 1-0

[Event "Titled Tuesday intern op 19th Sep Late"]
[Site "Chess.com INT"]
[Date "2023.09.19"]
[Round "4"]
[White "Schekachikhin, Maksim"]
[Black "Mazibuko, Khanya"]
[Result "0-1"]
[WhiteElo "2366"]
[BlackElo "1884"]
[PlyCount "56"]
[EventDate "2023.09.19"]
[EventType "swiss (blitz)"]
[EventRounds "11"]
[EventCountry "USA"]
[SourceTitle "EXT 2024"]
[Source "ChessBase"]
[SourceDate "2023.10.10"]
[SourceVersion "1"]
[SourceVersionDate "2023.10.10"]
[SourceQuality "1"]

1. d4 Nf6 2. Nf3 d5 3. e3 c5 4. b3 cxd4 5. exd4 Nc6 6. Bd3 Bg4 7. Bb2 e6 8. 0-0 Bd6 9. a3 0-0 10. Nbd2 Rc8 11. Qe1 Bf4 12. h3 Bh5 13. g3 Bc7 14. Ne5 Bb6 15. Ndf3 Nd7 16. Nxc6 bxc6 17. Ne5 f6 18. Nxd7 Qxd7 19. c4 e5 20. cxd5 Qxh3 21. Be4 exd4 22. Bg2 Qf5 23. dxc6 Rfd8 24. Rc1 d3 25. Qd2 Be2 26. b4 Bxf1 27. Rxf1 Re8 28. Re1 Qxf2+ 0-1